N'oubliez pas les paroles (PLK) - Statistiques

Statistiques générales
  • Ce quiz a été pris 124 fois
  • Le résultat moyen est 6 sur 18
Statistiques - réponses
Titres Nb de mots Paroles Réponses % Correct
Tout recommencer (ft Tessa B) 5 Les doutes deviennent d'la haine
Ouais, c'est dangereux tellement on s'aime
J'pourrais exploser d'l'intérieur quand tu mens tellement ça m'énerve
Mais j'oublie tout quand j'lis ...
ces paroles sur tes lèvres
72%
Attentat (ft Oboy) 3 Elle veut qu'on aille se balader, Marbe' ou Saint-Tropez Copine, envoie ton Snapchat, t'inquiète, on parle après Donne-moi ton numéro, ... donne-moi ton Snap'
69%
Copine 3 Pour elle, faire la fête, c'est primordial
Before, after, c'est primordial
Avec ses copines, c'est primordial
15 euros l'cocktail, ...
c'est l'prix normal
62%
Au fond d'ma tête 2 Mais si elle m'saoule, je fais le sourd
Moi, je n'écoute pas (ah)
Mais tout a changé, j'crois que je l'ai laissée entrer (oh)
Moi, j'me suis détendu, j'ai croqué dans l' ...
fruit défendu
42%
Faut pas (ft JUL) 5 Faire le mal ou l'bien, c'est un gros dilemme
Ving-et-un, l'Opinel, masqué comme Osimhen
Le poto, il va tout payer d'sa poche
Il a cru voir les schmitts, ...
il a jeté la sacoche
34%
Waow (ft Nekfeu) 1 (Waow) impossible de m'arrêter, la prod est lancée
(Waow) pull up en Clio 2, j'me perds dans mes pensées
(Waow) au fond d'la soirée, j'suis la pour vendre, pas pour danser (Waow) le rap paie, j'pense bientôt me
ranger
33%
Cash 1 Faire le bien, ça suffit pas pour le paradis, moi j'en sais rien, mais c'est ce que papa m'a dit En vrai ça sert à rien d'avoir plein d'amis, c'est pour ça qu'ils mettent que deux places dans l' ... Ferrari
31%
Le bruits des applaudissements (ft SDM) 5 Tu connais la vie d'la tess Soit tu fais des études, soit tu vide la caisse, ouais
Fâcher depuis petit, nous-même on sait pas, nous demande pas pourquoi on aime rien
Tu sais pourquoi l'public applaudit, parce que ça fait l'même bruit ...
que quand j'les baise bien
31%
Une pêche une patate 2 Tu veux une gauche ou une droite?
Tu veux une planche ou une boîte?
Dis-moi, tu vises un océan ou une flaque? Des fois, ça fait du bien, ...
une claque
31%
P*tain 4 Combien de familles en danger n'ont pas mangé parfois?
Combien de fois on a pensé pouvoir donner d'la voix?
Combien de condés ont tué, ont bravé la loi?
Combien de fois j'étais bourré, ... , oh?
j'ai pensé à toi
27%
En mieux (ft Hamza) 3 Tu pourrais être ma chienne en mieux T'as cassé mon cœur en deux La tchop à cent mille, le poignet à cent mille Maintenant elle ... se déhanche mieux
27%
Tu dors ? 8 J'replonge en un seul SMSJ'repense à son sourire, sa peau douce et ses fesses On fonce dans l'mur, j'mets ton cœur à la casse ... Mais bon, réchauffe le lit, fais-moi d'la place
20%
A l'envers 5 Ouais, même si j'la trompe, elle revient Bon dîner, bon verre de vin J'reste dans sa tête comme mon dernier refrain J'lui fais ... du mal et du bien
18%
Ma génération 1 Hey, ma génération meurt, tout l'monde nique son avenir
Ça s'allume entre amis d'enfance, cousin, c'est ça l'pire
Un autre frérot à terre, un sourire vient de partir
J'crois qu'le rap a sauvé ma vie, frérot, c'est ça l'pire
Dans ta ...
télévision
18%
Bunkoeur 4 J'vois les femmes comme ennemies, nan, mais attiré comme un aimant Froid comme soleil de décembre, ouais, ouais, ouais, ouais Jamais voulu être blessant, maladroit comme à la naissance Présent mais l'esprit est absent ... Donc j'te l'dis gentiment
17%
La nuit (ft TIF) 3 J'dors plus la nuit, je rôde, je fume, je vide la bouteille
Je ne veux plus tisser de liens, en c'moment j'suis d'humeur Sasuke
Et p't-être que j't'oublierai demain
Pour l'instant, y a ce manque ...
à toute heure
15%
Jamie Bynoe-Gittens (ft la Rvfleuze) 5 Ça sonne, c'est le bigo à Keuj
Tu parles trop, t'auras mal à la bouche
Fais l'foulek, t'auras mal à la beuj
Carton rouge ...
tu repars à la touche
13%
7/7 (ft Kerchak) 10 Les plus grosses têtes j'les mets d'côté, c'est pour ma cons' C'est sept sur sept, douze heures par jour, y a pas d'vacances Me connecter, j'suis trop rapide, y a pas d'latences Encore un peu d'sous, j'arrête j'me barre d'la France ... J'ai mis la beuh d'côté, faut éviter d'mélanger les talles
3%
Aucun quiz correspondant
Distribution des résultats
% des personnes avec chaque résultat
Percentile par nombre de réponses
Votre historique - résultats
Vous n’avez pas pris ce quiz